Word Ladder: Puns Quiz Stats

Quiz Updated Mar 27, 2015

Challenge
Share
Tweet
Embed
Score 0/22 Timer 06:00
0 Plays Today
Pun 4-Letter Word % Correct
Stir-fry cooks come from all woks of ____.LIFE
97.6%
He hates his job selling used cars, but it's just his lot in ____.LIFE
97.6%
He carried the rum above his head because he needed to ____ his spirits.LIFT
97.4%
My wife used to be a banker, but she ____ interest.LOST
96.8%
I wanted to ____ weight so I went to the paint store. I heard I could get thinner there.LOSE
96.4%
I thought I only had enough flour to ____ one loaf, but after I added yeast I had eleven breads.BAKE
91.5%
The environmentalist pedaled his ____ 20 miles in the morning and 20 more in the evening. He loved recycling.BIKE
91.4%
A hay farmer in jail could get out on ____.BALE
91.4%
The best way to stop a charging bull is to take away his credit ____.CARD
91.3%
In high school I recall having a beautiful but difficult math teacher. She was easy on the eyes and ____ on the pupils!HARD
91.3%
After punching his computer and breaking his ____, the guy required tech knuckle support.HAND
90.1%
Pun 4-Letter Word % Correct
I don't ____ tops of stairs. They always bring me down.LIKE
90.1%
To get a wig, ____ men have toupee a lot of money.BALD
89.8%
After a night out on the town the wine-drinking pirate captain had a port ____.LIST
88.3%
The high school music teacher was quite controversial. He told his students to read ____ books.BAND
85.5%
Forklift operators do not ____ for puns. They find them unpalletable.CARE
84.1%
Two monocles were making ____ in front of a window and made spectacles of themselves.LOVE
84%
If you say you have bad skin, I say that's a ____ excuse.PORE
80.8%
The promises of some tailors are ____ fabrication.PURE
78.4%
The manicurist went back to college to become a veterinarian. She was great at giving a pet a ____.CURE
77.8%
The termite wanted to lose weight, so he started eating ____ lattice.MORE
74.3%
A farmer wanting to kill a chicken for dinner has to ____ faster than a speeding pullet.MOVE
73.4%

Today's Daily Dose

Word Ladder
KISS Hit

On This Day
January 22nd

You're not logged in!

Compare scores with friends on all Sporcle quizzes.
Sign Up with Email
OR
Log In

You Might Also Like...

Show Comments

Extras

Top Quizzes Today


Score Distribution

Your Account Isn't Verified!

In order to create a playlist on Sporcle, you need to verify the email address you used during registration. Go to your Sporcle Settings to finish the process.